| 000 | 00619nam a2200241 a 4500 | ||
|---|---|---|---|
| 001 | 0001-1229 | ||
| 003 | ELIB.Books | ||
| 008 | 150529 2010 eng | ||
| 020 | _a10: 0814655718 | ||
| 035 | _a(ELIB.Books)0001-1384 | ||
| 092 |
_a223.06 _bO'Con |
||
| 100 | _aO'Connor, Kathleen M. | ||
| 245 | _aThe Wisdom Literature | ||
| 260 |
_aMinnesota _bThe Liturgical Press _c1988 |
||
| 300 |
_a199 _c21.5 Cm |
||
| 500 | _aC/o Moe Lwei | ||
| 650 | _aWisdom Literature | ||
| 856 |
_nKBTS: Library _uKBTS: Elib |
||
| 942 |
_2ddc _cBK |
||
| 990 | _a1 | ||
| 998 |
_cbat _e2015-05-29 |
||
| 999 |
_c11229 _d11229 |
||